| 000 | 00810nam a22002657a 4500 | ||
|---|---|---|---|
| 003 | UA-OsUOA | ||
| 001 | 20467 | ||
| 007 | ta | ||
| 008 | 20031029b un ||||| |||| 00| 0 ukr d | ||
| 100 | _aМагидович И. П. | ||
| 700 | _aМагидович В. И. | ||
| 090 |
_a910.4(091) _bМ12 |
||
| 942 | _cBK | ||
| 040 |
_aUA-OsUOA _brus _cUA-OsUOA _dUA-OsUOA |
||
| 245 |
_aОчерки по истории геграфических открытий _bНовейшие геграфические открытия и исследования (1917-1985гг) |
||
| 300 |
_a224 с. _bІлюстрації |
||
| 955 | _a0 | ||
| 041 | _arus | ||
| 080 | _a910.4(091) | ||
| 260 |
_aМосква _bПросвещение _c1986 |
||
| 246 | 3 | 1 |
_aВып.3 _n |
| 044 | _aRU | ||
| 650 | 7 | _2UDC | |
| 999 |
_c306645 _d306645 |
||